Report of the regional census training centre for Asia and the Far east (Record no. 428624)

000 -LEADER
fixed length control field 00289cam a22000977a 4500
008 - FIXED-LENGTH DATA ELEMENTS--GENERAL INFORMATION
fixed length control field 180718b1958 xxu||||| |||| 00| 0 eng d
082 ## - DEWEY DECIMAL CLASSIFICATION NUMBER
Classification number K5 Un3c
245 ## - TITLE STATEMENT
Title Report of the regional census training centre for Asia and the Far east
260 ## - PUBLICATION, DISTRIBUTION, ETC.
Place of publication, distribution, etc. New York
Name of publisher, distributor, etc. United Nations
Date of publication, distribution, etc. 1958
300 ## - PHYSICAL DESCRIPTION
Extent 31p.
Holdings
Withdrawn status Lost status Damaged status Not for loan Permanent Location Current Location Date acquired Full call number Barcode Date last seen Price effective from Koha item type
        Indian Institute of Public Administration Indian Institute of Public Administration 2009-12-14 K5 Un3c 23823 2018-07-21 2018-07-21 Book

Powered by Koha